000 00886nam a22003017a 4500
003 CHAP
005 20220329140742.0
008 971013s1987 mx r 00010 spa d
010 _a57060
011 _a58032
035 _a62187
040 _cCHAP
090 _aFolleto 11660
110 2 _aSistema Nacional de Investigadores. México
_9106724
245 1 _aAcuerdos e instructivos
260 _aMéxico, D. F. :
_bEl sistema,
_c1987
300 _a16 h.
590 _aBATCH-UPD
_b10
_c20130110
_lUCH01
_h1209
590 _aBATCH-UPD
_b10
_c20130410
_lUCH01
_h0748
590 _aBATCH-UPD
_b10
_c20130914
_lUCH01
_h0933
590 _aCONVERSION
_b10
_c20130109
_lUCH01
_h1331
650 1 4 _aCiencia.
_923107
650 1 4 _aCientíficos mexicanos.
_923259
650 1 4 _aTecnología.
_9111937
901 _aBK
942 _cFOLL
949 _aFolleto 11660
_bBC
_cFOLL
_d-133290
_eTS1
_i62187
_si
999 _c57060
_d57060